Scholastic health choices

Bibliographic Details
Format: Electronic Journal
Language:English
Published: New York, NY : Scholastic, Inc.
Subjects:
Online Access:Full text available from Research Library: 04/01/1998 to 05/31/1998

MARC

LEADER 00000nas a22000008a 4500
001 ssj0017731
003 WaSeSS
005 20200512172242.0
006 m d
007 cr n
008 960313c19969999nyuar p s 0 a0eng d
010 |a sn 96005815  
022 |y 1087-6421 
035 |a (WaSeSS)ssj0017731 
037 |b Scholastic, Inc., 555 Broadway, New York, NY 10012 
040 |a NSD  |b eng  |c NSD  |d UAB  |d OCLCQ  |d OCLCF  |d OCLCO  |d WaSeSS 
042 |a nsdp 
222 0 |a Scholastic health choices 
245 0 0 |a Scholastic health choices  |h [electronic resource]. 
260 |a New York, NY :  |b Scholastic, Inc. 
263 |a 9609 
310 |a Eight times a year 
506 |a License restrictions may limit access. 
650 0 |a Health education  |v Periodicals. 
650 7 |a Health education.  |2 fast  |0 (OCoLC)fst00952878 
655 0 |a Electronic journals. 
856 4 0 |z Full text available from Research Library: 04/01/1998 to 05/31/1998  |u https://search.proquest.com/publication/11174